000 00801nam a2200217Ia 4500
001 8435
003 GE_BSU
008 181216s||||||||xx |||||||||||||| ||und||
040 _cGE_BSU
080 _a821.353.1-11
100 _aვაჟა-ფშაველა
245 _aლექსები, პოემები, მოთხრობები.
245 _cშემდგ: გულიკო შერვაშიძე; რედ: დავით თედორაძე; მხატვ: ზურაბ ხაბაძე.
260 _aბათუმი.
260 _bაჭარა
260 _c1997
300 _a200 გვ; ილ; 26 სმ.
541 _h15 ლ.
653 _aლექსები, პოემები, მოთხრობები.
942 _cBK
999 _c41754
_d41754